00389nam a2200145Ia 4500003000400000008004100004040001600045082001300061100001800074245005100092260004800143300000800191650000900199650003500208GCL140319s9999 xx 000 0 eng d aGCL / cGCL04a703bC O1 aCHILVERS, IAN10aTHE OXFORD DICTIONARY OF ART / cCHILVERS, IAN a[S.N] : bOXFORD UNIVERSITY PRESS ، c1988 a54804aARTS04aENCYCLOPEDIAS AND DICTIONARIES